01133 a2200169 45000010006000000050017000060080041000230030015000640400040000790800075001192450054001942640028002483000019002765050613002951000025009087000030009335948720260407155849.0260407a1966 arg spa dAR-UNSa-BCEJYS aAR-UNSa-BCEJYSbspacAR-UNSa-BCEJYS a330.834xKeynes y el keynesianismo. Neokeynesianismo. Poskeynesianismo10aLa teoría Keynesiana del desarrollo económico 1aMadrid :bAguilarc1966 a213 p.c22 cm. a1. Precursores clásicos y posclásicos - 2. Estructura de una economía subdesarrollada - 3. La tasa de desarrollo óptima desde el punto de vista social - 4. Acumulación de capital y capacidad productiva - 5. El factor técnico en el desarrollo económico - 6. El paro dual en las economías subdesarrolladas - 7. La función redistributiva en el desarrrollo económico - 8. El elemento monetario en el desarrollo económico - 9. La función fiscal en el desarrollo económico - 10. Comercio exterior y desarrollo económico - 11. Epílogo sobre las teorías Poskeynesianas del desarrollo 1 aKurihara, Kenneth k.1 aGarcía Gallardo, Manuel